000 00265nam a22001217a 4500
082 _aOS 657.2 ARO
100 _aARORA, M. L.
245 _aBookeeping
260 _aTanzania
_bRAP
300 _a291p.
_b:ill.;29cm
650 _aThe Prelude to Accounting
942 _cBK
999 _c19681
_d19681